Statistics for Biggest Cities in France A-Z

Click here to take the quiz!

General Stats

  • This quiz has been taken 449 times
  • The average score is 11 of 20

Answer Stats

letterpopcity% Correct
P2 220 000Paris
99%
M858 000Marseille
98%
L507 000Lyon
97%
N344 000Nice
90%
B247 000Bordeaux
87%
T466 000Toulouse
87%
S276 000Strasbourg
77%
D154 000Dijon
70%
R213 000Rennes
69%
G161 000Grenoble
62%
O115 000Orléans
60%
Q64 000Quimper
43%
A151 000Angers
37%
C141 000Clermont-Ferrand
33%
V149 000Villeurbanne
18%
H57 000Hyères
8%
F84 000Fort-de-France
7%
I67 000Issy-les-Moulineaux
6%
W41 000Wattrelos
3%
E55 000Epinay-sur-Seine
2%

Score Distribution

Percentile by Number Answered

Percent of People with Each Score

Your Score History

You have not taken this quiz